=LDR 00000nam 2200000 4500 =001 INLIS000000000003729 =005 20130612092031 =008 ***********************************Ind** =035 ##$$0010-061300000003729 =041 ##$$a Ind =082 ##$$a 615.5 =090 ##$$a 615.5, Ill b =100 ##$$a Illich, Ivan =245 ##$$a Batas-batas pengobatan, perampasan hak untuk sehat, Ivan Illich; penerjemah, Aminuddin Parakhasi =260 ##$$a 1995 $b Jakarta =300 ##$$a xx, 343 hlm., 21 cm =650 ##$$a Terapi =700 ##$$a Parakhasi, Aminuddin =850 ##$$a NBPNMAT